Département qui vont atteindre leur population maximale après 2070 - Statistiques

Statistiques générales
  • Ce quiz a été pris 30 fois
  • Le résultat moyen est 6 sur 10
Statistiques - réponses
Département % Correct
Gironde
86%
Haute-Garonne
75%
Hérault
75%
Mayotte
64%
Guyane
57%
Loire-Atlantique
57%
Ille-et-Vilaine
54%
Tarn
50%
Tarn-et-Garonne
46%
Ariège
25%
Aucun quiz correspondant
Distribution des résultats
% des personnes avec chaque résultat
Percentile par nombre de réponses
Votre historique - résultats
Vous n’avez pas pris ce quiz